[Event "Yinzhou Cup 2018"]
[Site "Ningbo"]
[Date "2018.06.28"]
[Round "5"]
[White "Bu, Xiangzhi"]
[Black "Yu, Yangyi"]
[Result "1/2-1/2"]
[WhiteElo "2718"]
[BlackElo "2759"]
[Annotator "TA"]
[PlyCount "107"]
[EventDate "2018.??.??"]
[EventCountry "CHN"]
[SourceTitle "playchess.com"]
[Source "ChessBase"]
[SourceQuality "1"]

{[%evp 11,107,-24,14,12,14,-12,10,-8,0,-9,5,0,0,0,0,4,-1,5,32,37,44,43,39,32,31,10,25,24,33,31,71,70,77,74,89,76,84,47,62,62,59,5,5,0,0,0,0,0,8,0,0,0,0,8,10,7,16,14,59,56,63,65,141,141,141,140,130,0,0,0,0,0,0,0,0,0,0,0,0,0,0,0,0,0,0,0,0,0,0,0,0,0,0,0,0,0,0,-12851]} 1. Nf3 d5 2. g3 c6 3. Bg2 Bg4 4. h3 Bh5 5. O-O Nd7 6. c4 {A07: Réti Opening: New York and Capablanca Systems} (6. d3 e6 7. c4 Bd6 8. Nc3 Ne7 9. b3 O-O 10. Bb2 f6 11. cxd5 cxd5 12. e4 dxe4 13. dxe4 Ne5 14. Nb5 Bxf3 15. Bxf3 {½-½ (40) So,W (2778)-Anand,V (2760) Stavanger 2018}) 6... e6 {LiveBook: 12 Games} (6... Bxf3 $5 7. Bxf3 Ne5 $11) 7. Qb3 Qb6 8. Qc2 dxc4 $146 ({Predecessor:} 8... Bxf3 9. Bxf3 Ne5 10. b3 Nxf3+ 11. exf3 Nf6 12. Bb2 {½-½ (45) Glinz,G (2104)-Garcia,S (2144) Buenos Aires 2003}) 9. g4 Bg6 10. Qxc4 Bd6 11. Nc3 Ne7 12. d4 Qb4 13. Qxb4 Bxb4 14. a3 Bxc3 15. bxc3 Be4 16. Nd2 Bxg2 17. Kxg2 O-O 18. e4 c5 19. Nc4 cxd4 20. cxd4 Nb6 21. Nxb6 axb6 22. Rb1 Nc8 23. Rd1 Rd8 24. Bf4 Rxa3 25. d5 exd5 26. exd5 (26. Rxd5 $14 Re8 27. Rd7) 26... Rc3 $11 27. d6 Rc4 28. Bg3 {[#] Hoping for d7.} Rd7 29. Rdc1 $36 {[%mdl 2048] White has the initiative.} b5 30. Rxc4 (30. Re1 {feels hotter.} Kf8 31. Rxb5 f6 32. Reb1 Nxd6 33. Bxd6+ Rxd6 34. Rxb7 Re4 35. Rb8+) 30... bxc4 {[%mdl 4096] Endgame KRB-KRN} 31. Ra1 {Threatens to win with Ra8.} Nb6 $1 32. Kf3 f6 33. Ke4 Kf7 34. Kd4 c3 35. Kc5 Nc8 36. Rc1 g5 (36... Ke6 $14) 37. Rxc3 $16 Na7 38. Ra3 Nc6 39. f4 (39. Re3 $16) 39... gxf4 $1 $11 {The position is equal.} 40. Bxf4 Ke6 $1 41. Ra8 Rd8 42. Rxd8 Nxd8 {KB-KN} 43. Kb6 {Kc7 is the strong threat.} Kd7 44. h4 Nf7 45. Kxb7 Nxd6+ 46. Kb6 Ne4 47. Kb5 Nf2 48. g5 Nh3 49. Bd2 fxg5 50. hxg5 Ke6 51. Kc4 Kf5 52. Kd3 Nxg5 53. Bxg5 Kxg5 54. Ke4 $4 {[%mdl 40960] Precision: White = 58%, Black = 63%. . An unexpected result.} (54. Ke3 $11) 1/2-1/2

[Event "Yinzhou Cup 2018"]
[Site "Ningbo"]
[Date "2018.06.28"]
[Round "6"]
[White "Yu, Yangyi"]
[Black "Wei, Yi"]
[Result "1-0"]
[WhiteElo "2759"]
[BlackElo "2734"]
[Annotator "TA RC"]
[PlyCount "75"]
[EventDate "2018.??.??"]
[EventCountry "CHN"]
[SourceTitle "playchess.com"]
[Source "ChessBase"]
[SourceQuality "1"]

{[%evp 13,75,0,0,0,0,0,0,6,4,8,26,37,45,37,35,38,43,25,37,6,13,-24,0,-83,-82,-83,-89,-88,-86,-100,-91,-110,-109,-143,-74,-77,-77,-91,-91,-84,-90,-96,-12,-22,-23,-12,-22,-31,-8,-65,-64,-91,-82,-82,-85,-90,-16,-17,0,0,283,271,564,358]} 1. d4 Nf6 2. c4 c5 3. e3 g6 4. Nc3 cxd4 5. exd4 Bg7 6. Nf3 O-O 7. Bg5 h6 {LiveBook: 13 Games. E61: King's Indian: Early deviations for White, including Smyslov System} (7... d5 8. Bxf6 exf6 9. cxd5 Nd7 10. Be2 Nb6 11. Qb3 a5 12. a4 Qd6 13. O-O Qb4 14. Qa2 Bf5 15. Rfe1 Rac8 16. h3 Bh6 17. g4 Bd7 18. Ne4 Bg7 19. Nc5 {½-½ (46) Nyzhnyk,I (2594)-Cori Tello,J (2657) Saint Louis 2017}) 8. Bxf6 Bxf6 9. Qd2 Bg7 {The position is equal.} 10. Be2 $146 ({Predecessor:} 10. Bd3 d6 11. h3 e5 12. d5 Nd7 13. O-O f5 14. Be2 a6 15. Rfc1 {0-1 (43) Ambelang,H (2145)-Zacharias,C (2205) Germany 2007}) 10... d6 11. Rd1 g5 12. O-O Nd7 13. d5 Ne5 14. Nxe5 Bxe5 15. Kh1 f5 16. Qc2 Bd7 17. a3 Rc8 18. b4 {[#]} (18. g3 $11 {keeps the balance.}) 18... b5 $1 $17 {[%mdl 512]} 19. c5 (19. Nxb5 Bxb5) 19... dxc5 20. Nxb5 Qb6 $1 21. d6 exd6 (21... Bxb5 $6 22. dxe7 Rfe8 23. Bxb5 $11) 22. Nc3 Be6 23. Na4 {[#]} Qc6 (23... cxb4 24. Qxc8 Rxc8 25. Nxb6 $11) (23... Qb7 $142 $1 24. Bc4 Bxc4 25. Qxc4+ Qf7 26. Qxf7+ Rxf7 27. bxc5 dxc5) 24. bxc5 dxc5 25. Bc4 {And now Rfe1 would win.} Bd4 26. Rfe1 {[%cal Bf1e1,Be1e7,Be7a7,Ba7a6,Ba6d6][%mdl 32]} Bf7 27. Re7 Qf6 (27... Rc7 $17 28. Re2 Rb8) 28. Rxa7 $11 Bxc4 29. Qxc4+ Kh8 30. Ra6 Qg7 31. Qe6 (31. Rd6 $11) 31... Kh7 32. Rd6 Rce8 33. Qd5 Re5 34. Qc6 Rf7 ({Much worse is} 34... Bxf2 $6 35. Nb2 $11) ({Better is} 34... f4 $17 {White must now prevent ...Rfe8.} 35. Rf1 Rfe8) 35. Nb6 Rfe7 {( -> ...Re1+)} ({Inferior is} 35... Bxf2 36. Nd7 $16) 36. g3 Bxf2 $2 {[%mdl 8192] [#]} (36... Re1+ $11 37. Rxe1 Rxe1+ 38. Kg2 Re2) 37. Nd5 $1 $18 {[%cal Rd5f6]} Rxd5 $2 (37... Rf7 38. Nf6+ Rxf6 39. Rxf6 Bd4) 38. Qxd5 {Precision: White = 54%, Black = 42%.} ({Less strong is} 38. R6xd5 Bd4 $16) 1-0

[Event "Yinzhou Cup 2018"]
[Site "Ningbo"]
[Date "2018.06.28"]
[Round "6"]
[White "Li, Chao b"]
[Black "Bu, Xiangzhi"]
[Result "1/2-1/2"]
[WhiteElo "2725"]
[BlackElo "2718"]
[Annotator "TA"]
[PlyCount "83"]
[EventDate "2018.??.??"]
[EventCountry "CHN"]
[SourceTitle "playchess.com"]
[Source "ChessBase"]
[SourceQuality "1"]

{[%evp 23,83,38,48,8,39,16,19,4,31,28,34,26,40,39,37,37,22,12,16,15,42,0,9,9,9,9,9,4,9,9,9,15,21,10,10,10,10,10,14,14,14,14,14,0,0,0,0,0,0,0,0,0,0,0,0,0,0,0,0,0,0,0]} 1. e4 e5 2. Nf3 Nf6 3. Nxe5 d6 4. Nf3 Nxe4 5. d4 d5 6. Bd3 Be7 7. O-O Nc6 8. Nbd2 Bf5 9. Re1 Nxd2 10. Qxd2 Bxd3 11. Qxd3 O-O 12. c3 Qd7 {LiveBook: 15 Games. C42: Petroff Defence: 3 Nxe5 and unusual White 3rd moves} (12... h6 13. Bf4 Bd6 14. Bg3 Qd7 15. Re3 Rfe8 16. Rae1 Rxe3 17. Rxe3 a6 18. Bxd6 Qxd6 19. Nh4 Qd7 20. Qf5 {½-½ (35) Karjakin,S (2753)-Mamedyarov,S (2804) Wijk aan Zee 2018}) 13. Re2 a6 14. Bg5 $146 ({Predecessor:} 14. Bf4 Rae8 15. Rae1 Bd8 16. g3 h6 17. h4 Re7 18. b4 Rfe8 19. a4 Rxe2 20. Rxe2 Rxe2 21. Qxe2 {0-1 (66) Mammadzada,G (2361)-Ju,W (2583) Baku 2016}) 14... Bd6 15. Rae1 Rfe8 16. Ne5 Nxe5 17. dxe5 Be7 18. Bxe7 Rxe7 19. f4 g6 20. Rd1 Rd8 21. Qf3 c6 22. h4 h5 {The position is equal.} 23. f5 Qxf5 24. Qxf5 gxf5 $11 {[%mdl 4096] Endgame KRR-KRR} 25. Rf1 {[#]} f6 $1 {[%mdl 512]} 26. Rxf5 (26. exf6 Rxe2) 26... Rxe5 27. Rexe5 fxe5 {KR-KR} 28. Rg5+ Kf7 29. Rxe5 d4 30. cxd4 Rxd4 31. Rxh5 {White wants to play Rh7+.} Kg6 $1 {[%cal Rg6h5]} 32. Rg5+ Kh6 $1 33. Re5 Rxh4 34. Re7 Rb4 35. b3 a5 36. Kh2 a4 37. bxa4 Rxa4 38. Rxb7 Rxa2 39. Rc7 Rc2 40. Kh3 c5 41. Kh4 Rxg2 42. Rxc5 {Precision: White = 56%, Black = 73%.} 1/2-1/2